000 00644nam a2200229 a 4500
001 000036102
003 DO-SdBNP
005 20220525085538.0
007 ta
008 111209s2001 dr a 000 0 spa d
040 _aDO-SdBNP
_bspa
_cBNPHU
049 _aBNPD
082 4 _222
245 0 0 _aSuro metamorfosis transmigraciones (1917-1997).
260 _aSanto Domingo :
_aAlfaguara,
_c2001.
300 _a406 p. :
_bil., retrs. ;
_c26 cm.
490 1 _aMonografĂ­a de Arte Dominicano
500 _aTextos a una y dos columnas
590 _aInventariado, 2022/BT
830 0 _aMonografĂ­a de Arte Dominicano
_981675
942 _2ddc
_cLBS1
999 _c35593
_d35593